| Registos Bibliográficos associados ao registo de autoridade |
|
Etiqueta de registo: 00254nam 2200025 450 001 2283926 003 http://id.bnportugal.gov.pt/bib/catbnp/2283926 100 ## $a20260408d1742 m y0pory01030103ba 101 1# $aspa$clat 102 ## $aES 105 ## $aa z 000yy 106 ## $ar 200 1# $a El Prelado instruido en las mayores maximas de govierno$fdictadas por el Seraphico Doctor de la Iglesia San Buenaventura, en el segundo tomo
de sus Opusculos en el Tratado de las seis Alas de el Seraphin$gtraducidas de Latin a nuestro vulgar por el P.F. Antonio Penin, religioso menor... 210 #9 $aImpresso en Peñaranda de Bracamonte$cen la oficina de Antonio Villargordo,$d1742 215 ## $a[48], 360, [24] p., [1] grav. extratexto$cil.$d12º (15 cm) 303 ## $aTexto bilingue, em espanhol e latim 306 ## $aPé de imprensa no cólofon 307 ## $aColação e assin. segundo bibliogr. 307 ## $aF. de rosto com orla tipogr. 307 ## $aAssin.: ¶-¶¶¶¶//6, A-P//12, ¶-¶¶//6 316 ## $aExemplar incompleto, a que faltam os cad. ¶¶¶¶//3-6, A-D//12, E//1 (p. 1-98). - Enxertadas
[6] f. finais com muitas anotações manuscritas$5PTBN: R. 1729//1 P. 321 ## $aBNE 620 ## $dPeñaranda de Bracamonte 700 #0 $aBoaventura,$cSanto,$f1221-1274$314757 702 #1 $aPenín,$bAntonio,$ffl. 1742,$cO.F.M.$4730$31995080 702 #1 $aVillagordo y Alcaraz,$bAntonio José,$ffl. 1729-1777$4610$31421143 801 #0 $aPT$bBN$gRPC 966 ## $lBN$mFGMON$sR. 1729//1 P. 971 ## $cpmesqui$d20260408 997 ## $aBIBEOD
|
|
|